<?xml version="1.0" encoding="UTF-8"?>
<collection xmlns="http://www.loc.gov/MARC21/slim">
 <record>
  <leader>01668nam a2200301 a 4500</leader>
  <controlfield tag="001">2156783</controlfield>
  <controlfield tag="003">BD-DhAAL</controlfield>
  <controlfield tag="008">090709r1999    nyu      bf   001 0 eng d</controlfield>
  <datafield tag="999" ind1=" " ind2=" ">
   <subfield code="c">2199</subfield>
   <subfield code="d">2199</subfield>
  </datafield>
  <datafield tag="010" ind1=" " ind2=" ">
   <subfield code="a">   99018319 </subfield>
  </datafield>
  <datafield tag="020" ind1=" " ind2=" ">
   <subfield code="a">0873529758 (paper)</subfield>
  </datafield>
  <datafield tag="020" ind1=" " ind2=" ">
   <subfield code="a">8176710245</subfield>
  </datafield>
  <datafield tag="040" ind1=" " ind2=" ">
   <subfield code="a">DLC</subfield>
   <subfield code="c">DLC</subfield>
  </datafield>
  <datafield tag="082" ind1="0" ind2="0">
   <subfield code="a">808/.027</subfield>
   <subfield code="2">21</subfield>
  </datafield>
  <datafield tag="100" ind1="1" ind2=" ">
   <subfield code="a">Gibaldi, Joseph,</subfield>
   <subfield code="d">1942-</subfield>
   <subfield code="9">18014</subfield>
  </datafield>
  <datafield tag="245" ind1="1" ind2="0">
   <subfield code="a">MLA handbook for writers of research papers /</subfield>
   <subfield code="c">Joseph Gibaldi.</subfield>
  </datafield>
  <datafield tag="250" ind1=" " ind2=" ">
   <subfield code="a">Fifth edition</subfield>
  </datafield>
  <datafield tag="260" ind1=" " ind2=" ">
   <subfield code="a">New York :</subfield>
   <subfield code="b">Modern Language Association of America,</subfield>
   <subfield code="c">1999.[reprinted]</subfield>
  </datafield>
  <datafield tag="300" ind1=" " ind2=" ">
   <subfield code="a">xviii, 332 pages :</subfield>
   <subfield code="b">illustrations ;</subfield>
   <subfield code="c">24 cm.</subfield>
  </datafield>
  <datafield tag="504" ind1=" " ind2=" ">
   <subfield code="a">Includes bibliographical references and index.</subfield>
  </datafield>
  <datafield tag="541" ind1="1" ind2=" ">
   <subfield code="e">00014104</subfield>
  </datafield>
  <datafield tag="650" ind1=" " ind2="0">
   <subfield code="a">Report writing</subfield>
   <subfield code="x">Handbooks, manuals, etc.</subfield>
   <subfield code="9">18015</subfield>
  </datafield>
  <datafield tag="650" ind1=" " ind2="0">
   <subfield code="a">Research</subfield>
   <subfield code="x">Handbooks, manuals, etc.</subfield>
   <subfield code="9">18016</subfield>
  </datafield>
  <datafield tag="710" ind1="2" ind2=" ">
   <subfield code="a">Modern Language Association of America.</subfield>
   <subfield code="9">18017</subfield>
  </datafield>
  <datafield tag="852" ind1="4" ind2=" ">
   <subfield code="a">Ayesha Abed Library </subfield>
   <subfield code="j">General Shelf.</subfield>
  </datafield>
  <datafield tag="942" ind1="0" ind2="0">
   <subfield code="0">2</subfield>
   <subfield code="2">ddc</subfield>
   <subfield code="c">1HOUR</subfield>
  </datafield>
  <datafield tag="952" ind1=" " ind2=" ">
   <subfield code="0">0</subfield>
   <subfield code="1">0</subfield>
   <subfield code="2">ddc</subfield>
   <subfield code="4">0</subfield>
   <subfield code="6">808_027000000000000_GIB</subfield>
   <subfield code="7">0</subfield>
   <subfield code="9">2025</subfield>
   <subfield code="a">BRACUL</subfield>
   <subfield code="b">BRACUL</subfield>
   <subfield code="c">GEN</subfield>
   <subfield code="d">2009-07-09</subfield>
   <subfield code="g">187.00</subfield>
   <subfield code="l">4</subfield>
   <subfield code="m">15</subfield>
   <subfield code="o">808.027 GIB</subfield>
   <subfield code="p">3010014104</subfield>
   <subfield code="r">2015-01-06</subfield>
   <subfield code="s">2014-10-23</subfield>
   <subfield code="t">1</subfield>
   <subfield code="v">374.00</subfield>
   <subfield code="w">2009-07-09</subfield>
   <subfield code="y">BK</subfield>
   <subfield code="x">Price available in register book ; The book was placed on a one-hour loan, but since it's not in high demand now, it has been moved to the General Stacks on 22 October 2025.</subfield>
  </datafield>
  <datafield tag="952" ind1=" " ind2=" ">
   <subfield code="0">0</subfield>
   <subfield code="1">0</subfield>
   <subfield code="2">ddc</subfield>
   <subfield code="4">0</subfield>
   <subfield code="6">808_027000000000000_GIB</subfield>
   <subfield code="7">0</subfield>
   <subfield code="9">10589</subfield>
   <subfield code="a">BRACUL</subfield>
   <subfield code="b">BRACUL</subfield>
   <subfield code="c">GEN</subfield>
   <subfield code="d">2010-05-31</subfield>
   <subfield code="g">187.00</subfield>
   <subfield code="l">11</subfield>
   <subfield code="m">43</subfield>
   <subfield code="o">808.027 GIB</subfield>
   <subfield code="p">3010014105</subfield>
   <subfield code="r">2015-10-19</subfield>
   <subfield code="s">2015-09-16</subfield>
   <subfield code="t">2</subfield>
   <subfield code="w">2010-05-31</subfield>
   <subfield code="y">BK</subfield>
   <subfield code="x">Price available in register book ; The book was placed on a one-hour loan, but since it's not in high demand now, it has been moved to the General Stacks on 22 October 2025.</subfield>
  </datafield>
 </record>
</collection>
